| 000 | 01311nam a22003497a 4500 | ||
|---|---|---|---|
| 003 | CHAP | ||
| 005 | 20220329140643.0 | ||
| 008 | 971013s1978 r 00010 d | ||
| 010 | _a55414 | ||
| 011 | _a56386 | ||
| 035 | _a60539 | ||
| 040 | _cCHAP | ||
| 090 | _aTesis | ||
| 100 | 0 | 0 |
_aSiller Chapa, Humberto. _9105958 |
| 245 | _aValoración de tres cultivos de primavera-verano ; maíz (Zea mays L.) var. NLVS-1, girasol (Helianthus annuus L.) var. Tecnon-51 y mijo perla (Pennisetum glaucum) var. AP-22 a través de la producción de forraje y leche | ||
| 260 |
_aMonterrey, N. L. : _bEl autor, _c1978 |
||
| 300 | _a31 h. | ||
| 502 | _aTesis (Ing. Agr. Zootecnista) -- ITESM. División de Ciencias Agropecuarias y Marítimas | ||
| 590 |
_aALEPH _b10 _c20130110 _lUCH01 _h1333 |
||
| 590 |
_aBATCH-UPD _b10 _c20130110 _lUCH01 _h0044 |
||
| 590 |
_aBATCH-UPD _b10 _c20130110 _lUCH01 _h0738 |
||
| 590 |
_aBATCH-UPD _b10 _c20130410 _lUCH01 _h0421 |
||
| 590 |
_aBATCH-UPD _b10 _c20130914 _lUCH01 _h1546 |
||
| 590 |
_aCONVERSION _b10 _c20130109 _lUCH01 _h1330 |
||
| 650 | 1 | 4 |
_aGirasol como forraje. _948189 |
| 650 | 1 | 4 |
_aLeche _xProducción. _965400 |
| 650 | 1 | 4 |
_aMaíz como forraje. _971109 |
| 650 | 1 | 4 |
_aMijo perla como forraje. _975686 |
| 901 | _aBK | ||
| 942 | _cTESIS | ||
| 949 |
_bBC _cTES _d-130435 _eTS1 _i60539 _si |
||
| 999 |
_c55414 _d55414 |
||